书目信息 |
| 题名: |
邓广铭学术论著自选集
|
|
| 作者: | 邓广铭 著 | |
| 分册: | ||
| 出版信息: | 北京 首都师范大学出版社 1994.10 |
|
| 页数: | 737页 | |
| 开本: | 32开 | |
| 丛书名: | ||
| 单 册: | ||
| 中图分类: | K-53 | |
| 科图分类: | ||
| 主题词: | 历史 , 地理 | |
| 电子资源: | ||
| ISBN: | 7-81039-115-1 | |
| 000 | 00583nam0 2200205 45 | |
| 001 | 0008141015 | |
| 005 | 20000814101812.7 | |
| 010 | @a7-81039-115-1@d25.40元 | |
| 100 | @a20000814d1994 km y0chiy0120 ea | |
| 101 | 0 | @achi |
| 105 | @a z 000yy | |
| 200 | 1 | @a邓广铭学术论著自选集@ADeng Guang Ming Xue Shu Lun Zhu Zi Xuan Ji@f邓广铭著@FDeng Guang Ming Zhu |
| 210 | @a北京@c首都师范大学出版社@d1994.10 | |
| 215 | @a737页@d32开 | |
| 606 | 0 | @a历史 |
| 606 | 0 | @a地理 |
| 690 | @aK-53@v3 | |
| 701 | 0 | @a邓广铭@4著 |
| 801 | @aCN@bPftUser@c20000814 | |
| 905 | @b105354-355@dK-53@eD527@f2 | |
| 邓广铭学术论著自选集/邓广铭著.-北京:首都师范大学出版社,1994.10 |
| 737页;32开 |
| ISBN 7-81039-115-1:25.40元 |
| ● |
| 相关链接 |
|
|
|
正题名:邓广铭学术论著自选集
索取号:K-53/D527
 
预约/预借
| 序号 | 登录号 | 条形码 | 馆藏地/架位号 | 状态 | 备注 |
| 1 | 105354 | 201053545 | 社科库309/309社科库 103排1列1层/ [索取号:K-53/D527] | 在馆 | |
| 2 | 105355 | 201053554 | 社科库309/309社科库 103排1列1层/ [索取号:K-53/D527] | 在馆 |